Η νομική προβληματική της προστασίας του περιβάλλοντος : ιδιαίτερα της προστασίας από τον αεροπορικό θόρυβο
Αποθηκεύτηκε σε:
| Κύριος συγγραφέας: | |
|---|---|
| Μορφή: | Βιβλίο |
| Γλώσσα: | Greek |
| Δημοσίευση: |
Αθήνα :
Σάκκουλα,
1985
|
| Θέματα: | |
| Ετικέτες: |
Προσθήκη ετικέτας
Δεν υπάρχουν, Καταχωρήστε ετικέτα πρώτοι!
|
MARC
| LEADER | 00000cam a2200000 i 4500 | ||
|---|---|---|---|
| 001 | 1/7669 | ||
| 008 | 970111s1985 gre d | ||
| 035 | |l 10016791 | ||
| 040 | |a GR-MY-UA |b gre |e aacr | ||
| 041 | 0 | |a gre | |
| 082 | 0 | |a 344.046 | |
| 100 | 1 | |a Νίκας, Δημήτρης Σ. | |
| 245 | 1 | 2 | |a Η νομική προβληματική της προστασίας του περιβάλλοντος : |b ιδιαίτερα της προστασίας από τον αεροπορικό θόρυβο / |c Δημήτρης Σ. Νίκας |
| 260 | |a Αθήνα : |b Σάκκουλα, |c 1985 | ||
| 300 | |a 384 σ. | ||
| 504 | |a Περιέχει ευρετήριο | ||
| 650 | 0 | 0 | |a Environmental law. |
| 650 | 0 | 0 | |a Environmental law |z Greece. |
| 650 | 0 | 0 | |a Noise control |x Law and legislation. |
| 852 | |a INST |b LESVOS |e 19970111 |h 344.046 ΝΙΚ |p 005100012041 |q 005100012041 |t BK |y 0 | ||
| 909 | |a Λ |b 049408 | ||
| 950 | |a 054/1996-02-06 | ||